Social Entreprenevrship in India: (Record no. 172740)

MARC details
000 -LEADER
fixed length control field 00667nam a22001937a 4500
005 - DATE AND TIME OF LATEST TRANSACTION
control field 20200212121444.0
010 ## - LCCN (DPL NO)
LC control number ENG-127704
020 ## - INTERNATIONAL STANDARD BOOK NUMBER
Terms of availability 495.00
International Standard Book Number 9789353882372
035 ## - SYSTEM CONTROL NUMBER
System control number EN-111236
037 ## - SOURCE OF ACQUISITION
Source of stock number/acquisition DBAD/PUB
082 ## - DEWEY DECIMAL CLASSIFICATION NUMBER
Classification number 361.7650954
100 ## - MAIN ENTRY--PERSONAL NAME
Personal name Sukla,Madhukar
245 ## - TITLE STATEMENT
Title Social Entreprenevrship in India:
Statement of responsibility, etc by Madhukar Shukla
Remainder of title Quarter Idealism and a pound of pragmatism/
260 ## - PUBLICATION, DISTRIBUTION, ETC. (IMPRINT)
Place of publication, distribution, etc New Delhi
Date of publication, distribution, etc 2020
Name of publisher, distributor, etc Sage
270 ## - ADDRESS
Address B1/1-1 Mohan Cooperative Industrial Area Mathura Road
Postal code 110044
City New Delhi
300 ## - PHYSICAL DESCRIPTION
Extent xvii;256p.
Other physical details 22cm(hb)
500 ## - GENERAL NOTE
General note includes bibliographical references and index<br/>
942 ## - ADDED ENTRY ELEMENTS (KOHA)
Source of classification or shelving scheme Dewey Decimal Classification
Item type English Books
Classification part 361.7650954
Call number suffix SHU
Holdings
Withdrawn status Lost status Not for loan Collection code Home library Current library Date acquired Source of acquisition Cost, normal purchase price Full call number Barcode Copy number Cost, replacement price Koha item type
      Non-fiction Central Library Central Library 12/02/2020 DBAD/PUB 495.00 361.7650954 SHU EN-111236 1 495.00 English Books

© Delhi Public Library
Hit Counter
free hit counter